Bilet Bangla best dictionary (Record no. 41056)

000 -LEADER
fixed length control field 00483nam a22001817a 4500
001 - CONTROL NUMBER
control field 41056
003 - CONTROL NUMBER IDENTIFIER
control field BD-DhUET
008 - FIXED-LENGTH DATA ELEMENTS--GENERAL INFORMATION
fixed length control field 180128b xxu||||| |||| 00| 0 eng d
040 ## - CATALOGING SOURCE
Transcribing agency 0
Modifying agency BD-DhUET
082 ## - DEWEY DECIMAL CLASSIFICATION NUMBER
Classification number 423.9144
Item number MUK/n.d.
100 ## - MAIN ENTRY--PERSONAL NAME
Personal name Muklesuzzaman Khan, Md.
245 ## - TITLE STATEMENT
Title Bilet Bangla best dictionary
Remainder of title English-Bangla
250 ## - EDITION STATEMENT
Edition statement 1st ed.
260 ## - PUBLICATION, DISTRIBUTION, ETC. (IMPRINT)
Place of publication, distribution, etc. Kishoreganj
Name of publisher, distributor, etc. Isha Kha University
Date of publication, distribution, etc. n.d.
300 ## - PHYSICAL DESCRIPTION
Extent xxiv,1080p.
650 #0 - SUBJECT ADDED ENTRY--TOPICAL TERM
Topical term or geographic name as entry element Dictionary - English Bengali
942 ## - ADDED ENTRY ELEMENTS (KOHA)
Koha item type General Book
Holdings
Date acquired Koha normalized classification for sorting Withdrawn status Price effective from Shelving location Source of classification or shelving scheme Copy number Koha full call number Location (home branch) Sublocation or collection (holding branch) Not for loan Lost status Koha date last seen Koha item type Piece designation (barcode) Damaged status
2016-05-18423_914400000000000_MUK_N_D 2018-01-28Cataloging section 1423.9144/MUK/n.d.Central Library, BUETCentral Library, BUET  2018-01-28General Book114310